Statistiken für Namibia-Quiz

Klicken Sie hier um das Quiz zu spielen!

Allgemein

  • Dieses Quiz wurde 1.165 mal gespielt
  • Das Durchschnittsergebnis liegt bei 12 aus 20

Antwortstatistiken

FrageAntwort% Korrekt
NachbarlandSüdafrika
96%
NachbarlandAngola
93%
NachbarlandBotswana
92%
Kolonialmacht Namibias, 1884–1915Deutschland
90%
Hauptstadt von NamibiaWindhoek
89%
AmtsspracheEnglisch
88%
NachbarlandSambia
84%
Namibia hat weltweit eine der größten Populationen dieser extrem schnellen WildkatzeGepard
77%
Ca. 13.8% der erwachsenen Bevölkerung leidet an dieser viralen KrankheitHIV
72%
Küstenwüste, womöglich die älteste der WeltNamib
70%
Einziges Land, das weltweit eine geringere Bevölkerungsdichte als Namibia hatMongolei
67%
Namibia ist die viertgrößte Quelle dieses Elements mit Atomzahl 92Uran
60%
Wüste, die Teile Zentral- und Ostnamibias bedecktKalahari
54%
Fluss an der Grenze mit Nachbarland #3Sambesi
47%
Fluss entlang der Südgrenze NamibiasOranje
36%
Der Fischfluss-____ ist der größte _____ Afrikas, 160 km lang und 550 m tiefCanyon
27%
Wichtigster Seehafen Namibias; auch "Walfischbucht" genannt{Walvis} Bay
26%
Volk des Süden Afrikas mit außergewöhnlicher GenetikSan (Buschmänner)
23%
Gebiet, an dem viele Seefahrer ums Leben kamen, anhand der zahlreichen Schiffwracks ersichtlich{Skelett}küste
23%
Inselgruppe, nach den dort lebenden Vögeln benannt (ursprünglich Guano-Islands){Penguin} Islands
19%

Verteilung der Resultate

Perzentil nach korrekt beantworteten Fragen

Anzahl Personen mit jedem Resultat

Ihre Resultats-Entwicklung

Sie haben dieses Quiz noch nicht gespielt